01367nam a22001937a 45000010005000000030006000050050017000110080041000280200018000690400029000870820008001161000020001242450090001442600036002343000048002705200763003186500062010817000030011438680FISKH20251010084841.0251010b cb ||||| |||| 00| 0 eng d a9781107655133 aFISKHbengcFISKHdFISKH a370 aLinse, Caroline aCambridge global English activity book stage 1 /cCaroline Linse and Elly Schottman  aNew York : bCambridge, c2014. a111 pages : bcolor illustrations ; c28 cm aThe Activity Book complements the Stage 1 Learner's Book by providing additional practice activities that reinforce language skills and content introduced in the Learner's Book. It contains nine thematic units, each corresponding with the topics, texts, and language input of the Learner's Book. Each lesson in the Learner's Book is supported by two pages in the Activity Book. Learning is reinforced through activities framed within the 'I can' objectives of the course, opportunities for personalization and creative work, and a higher level of challenge to support differentiation. Each unit ends with a quiz, offering more in-depth assessment for learners. The book is aligned with the Common European Framework of Reference (CEFR) at a level towards A1. aLanguage Learning vActivity Book xCambridge Curriculum aSchottman, Elly eAuthor